[Event "Horst Emscher 2- Welper 2"]
[Site "?"]
[Date "2024.03.10"]
[Round "7.1"]
[White "Sharma, Danesh"]
[Black "Arndt, Olaf"]
[Result "0-1"]
[WhiteElo "1956"]
[BlackElo "1851"]
[PlyCount "50"]
[SourceDate "2024.03.25"]

1. e4 d5 2. exd5 Nf6 3. d4 Nxd5 4. Nf3 g6 5. c4 Nb6 6. Nc3 Bg7 7. c5 Nd5 8. Bc4
Nxc3 9. bxc3 O-O 10. O-O Nc6 11. Bg5 Na5 12. Bd3 Be6 13. Re1 b6 14. Nh4 Qd7 15.
f4 Bg4 16. Qc2 f6 17. Bxg6 hxg6 18. Nxg6 Rfe8 19. Bh4 Bf5 20. Nxe7+ Rxe7 21.
Rxe7 Qxe7 22. Qxf5 Re8 23. Re1 Qf7 24. Rxe8+ Qxe8 25. Bxf6 Qe1# 0-1

[Event "Horst Emscher 2- Welper 2"]
[Site "?"]
[Date "2024.03.10"]
[Round "7.2"]
[White "Konietzka, Bernd"]
[Black "Nuernberger, David"]
[Result "0-1"]
[WhiteElo "1892"]
[BlackElo "1776"]
[PlyCount "136"]
[SourceDate "2024.03.25"]

1. e4 c5 2. Nf3 d6 3. d4 cxd4 4. Nxd4 Nf6 5. Nc3 g6 6. Be2 Bg7 7. Be3 O-O 8.
Qd2 Ng4 9. Bxg4 Bxg4 10. f3 Bd7 11. Bh6 Nc6 12. Bxg7 Kxg7 13. Nd5 Rc8 14. c3
Ne5 15. Ne3 b5 16. O-O Nc4 17. Nxc4 Rxc4 18. a3 Qb6 19. Kh1 Rfc8 20. Nc2 Be6
21. Rad1 a5 22. Ne3 R4c5 23. Nc2 Bb3 24. Rc1 Bxc2 25. Rxc2 b4 26. axb4 axb4 27.
Qd4+ e5 28. Qe3 bxc3 29. bxc3 Qb3 30. Rfc1 R8c6 31. h3 Ra5 32. Qd2 Ra3 33. Kh2
Qc4 34. Qe3 Rb3 35. Qd2 Rcb6 36. Rd1 Rc6 37. Rdc1 Rb5 38. Rd1 Ra6 39. Qd3 Qxd3
40. Rxd3 Kf6 41. Kg3 Ke6 42. c4 Rc5 43. Kf2 Ra4 44. Rdc3 Ra1 45. Rc1 Rxc1 46.
Rxc1 Ra5 47. Rc2 Kd7 48. Ke3 Kc6 49. Rd2 Ra4 50. Kd3 Ra3+ 51. Kc2 Ra2+ 52. Kc3
Rxd2 53. Kxd2 Kc5 54. Kc3 g5 55. g3 h5 56. Kb3 Kd4 57. Kb4 g4 58. fxg4 hxg4 59.
h4 Kxe4 60. c5 dxc5+ 61. Kxc5 Kf5 62. Kc4 Ke6 63. Kd3 f5 64. Ke3 Kf6 65. Ke2
Kg6 66. Ke3 Kh5 67. Ke2 f4 68. Kf2 fxg3+ 0-1

[Event "Horst Emscher 2- Welper 2"]
[Site "?"]
[Date "2024.03.10"]
[Round "7.3"]
[White "Teich, Udo"]
[Black "Raabe, Stefan"]
[Result "1-0"]
[WhiteElo "1857"]
[BlackElo "1894"]
[PlyCount "35"]
[SourceDate "2024.03.25"]

1. d4 d5 2. c4 e6 3. Nf3 Nf6 4. Nc3 Bb4 5. e3 Ne4 6. Qc2 Nxc3 7. bxc3 Be7 8.
Bd3 Nc6 9. O-O b6 10. Re1 f5 11. cxd5 Qxd5 12. e4 Qd7 13. exf5 exf5 14. Bb5 Bb7
15. Ne5 Qd6 16. Bxc6+ Bxc6 17. Nxc6 Qxc6 18. Bg5 1-0

[Event "Horst Emscher 2- Welper 2"]
[Site "?"]
[Date "2024.03.10"]
[Round "7.4"]
[White "Schorra, Helmut"]
[Black "Leimkuehler, Dirk"]
[Result "1-0"]
[WhiteElo "1996"]
[BlackElo "1804"]
[PlyCount "83"]
[SourceDate "2024.03.25"]

1. d4 f5 2. Nf3 Nf6 3. g3 g6 4. Bg2 Bg7 5. O-O O-O 6. c4 d6 7. Nc3 Nc6 8. d5
Ne5 9. Nxe5 dxe5 10. e4 e6 11. f4 Qe7 12. Qe2 exf4 13. e5 Qc5+ 14. Kh1 Ng4 15.
gxf4 Qe7 16. Qe1 Qc5 17. h3 Nh6 18. Qe2 a6 19. Be3 Qe7 20. Qf2 Re8 21. Rad1 Rb8
22. Ba7 Ra8 23. Bc5 Qf7 24. Rd2 Kh8 25. Rfd1 Rb8 26. d6 cxd6 27. Bxd6 Ra8 28.
Na4 b5 29. Bxa8 Bb7+ 30. Bxb7 Qxb7+ 31. Qg2 Qxg2+ 32. Kxg2 bxa4 33. Bc7 Nf7 34.
h4 h6 35. c5 g5 36. hxg5 hxg5 37. fxg5 Nxe5 38. Rd8 Rxd8 39. Rxd8+ Kh7 40. Bd6
Nf7 41. Rd7 Kg6 42. c6 1-0

[Event "Horst Emscher 2- Welper 2"]
[Site "?"]
[Date "2024.03.10"]
[Round "7.5"]
[White "Heidt, Viktor"]
[Black "Rydzewski, Klaus"]
[Result "0-1"]
[WhiteElo "1826"]
[BlackElo "1945"]
[PlyCount "112"]
[SourceDate "2024.03.25"]

1. c4 e5 2. Nc3 Nf6 3. Nf3 Nc6 4. e3 Bb4 5. Qc2 O-O 6. Nd5 Bc5 7. a3 a5 8. Ng5
g6 9. Nxf6+ Qxf6 10. Ne4 Qe7 11. Nxc5 Qxc5 12. Bd3 a4 13. b4 axb3 14. Qxb3 Re8
15. Bb2 d6 16. O-O Be6 17. Rac1 Ra6 18. Be2 Rb6 19. Qc3 Qa5 20. d4 Qxc3 21.
Bxc3 exd4 22. exd4 Bf5 23. Bf3 Bd3 24. Rfe1 Rxe1+ 25. Rxe1 Rb3 26. Bxc6 Rxc3
27. Bxb7 Bxc4 28. Ra1 Rb3 29. Bc6 Rb6 30. d5 Kf8 31. a4 Ba6 32. h4 Ke7 33. Re1+
Kf6 34. g3 Bb7 35. a5 Rb2 36. Ra1 Ba6 37. Ra4 Bb5 38. Bxb5 Rxb5 39. a6 Rb8 40.
a7 Ra8 41. Kg2 Ke5 42. Ra5 Kd4 43. Kf3 Kc4 44. Kf4 Kb4 45. Ra2 Kc5 46. Kg5 Kxd5
47. Kf6 c5 48. Kxf7 c4 49. Ke7 Kc5 50. Ke6 c3 51. Rc2 Kc4 52. Kxd6 Rxa7 53. f4
Kd3 54. Rg2 c2 55. Rg1 Rf7 56. Ke5 Rf5+ 0-1

[Event "Horst Emscher 2- Welper 2"]
[Site "?"]
[Date "2024.03.10"]
[Round "7.6"]
[White "Verfuerth, Christian"]
[Black "Sharma, Rakesh"]
[Result "1-0"]
[WhiteElo "1851"]
[BlackElo "1795"]
[PlyCount "55"]
[SourceDate "2024.03.25"]

1. d4 c6 2. Nf3 d5 3. e3 Nf6 4. c4 Bg4 5. Qb3 Qc7 6. Nc3 Bxf3 7. gxf3 e6 8. Bd2
Be7 9. O-O-O O-O 10. Kb1 dxc4 11. Bxc4 b5 12. Bd3 a5 13. Qc2 Na6 14. Ne4 Nxe4
15. Bxe4 f5 16. Bxc6 Rac8 17. d5 b4 18. Rc1 Qd6 19. e4 Rc7 20. Be3 Rb8 21. Qe2
f4 22. Qxa6 fxe3 23. fxe3 b3 24. a3 Qe5 25. Qxa5 Bf6 26. Qd2 Ra7 27. a4 Rb4 28.
dxe6 1-0

[Event "Horst Emscher 2- Welper 2"]
[Site "?"]
[Date "2024.03.10"]
[Round "7.7"]
[White "Wallhof, Dieter"]
[Black "Wilbert, Siegfried"]
[Result "0-1"]
[WhiteElo "1777"]
[BlackElo "1858"]
[PlyCount "72"]
[SourceDate "2024.03.25"]

1. Nf3 c5 2. b3 d5 3. Bb2 Nc6 4. e3 a6 5. d3 Nf6 6. Nbd2 e6 7. g3 Be7 8. Bg2
O-O 9. O-O b5 10. a4 Bb7 11. axb5 axb5 12. Rxa8 Qxa8 13. Qb1 Nd7 14. e4 d4 15.
Ne1 Qa5 16. Qc1 Rc8 17. f4 Ba6 18. e5 Nb6 19. Nef3 Nd5 20. Re1 Qd8 21. Ne4 Bb7
22. Qd2 Ra8 23. Rb1 Ra2 24. Ne1 Ne3 25. Bf3 Qa8 26. Kf2 Nb4 27. c3 Nbd5 28.
cxd4 cxd4 29. Be2 b4 30. Qc1 Nc3 31. Ra1 Bxe4 32. Bxc3 bxc3 33. Rxa2 Qxa2 34.
dxe4 Qxb3 35. Ng2 c2 36. Ne1 Ba3 0-1

[Event "Horst Emscher 2- Welper 2"]
[Site "?"]
[Date "2024.03.10"]
[Round "7.8"]
[White "Tobczewski, Peter"]
[Black "Berke, Martin"]
[Result "1-0"]
[WhiteElo "1859"]
[BlackElo "1689"]
[PlyCount "120"]
[SourceDate "2024.03.25"]

1. e4 c5 2. Nf3 e6 3. d4 cxd4 4. Nxd4 Nf6 5. Nc3 Nc6 6. Nxc6 bxc6 7. Bd3 e5 8.
O-O Rb8 9. b3 Bb4 10. Na4 O-O 11. Bg5 Be7 12. c4 d5 13. exd5 e4 14. Bc2 cxd5
15. cxd5 h6 16. Bh4 g5 17. Bg3 Bd6 18. Bxd6 Qxd6 19. Qd4 Rb4 20. Qc5 Qxc5 21.
Nxc5 Re8 22. Rad1 Rb5 23. Na4 Nxd5 24. Rfe1 f5 25. Rd4 Nf6 26. a3 Kf8 27. b4
Be6 28. Nc5 Rbb8 29. f3 Bd5 30. fxe4 Bxe4 31. Bxe4 fxe4 32. Rf1 Kg7 33. Nd7
Nxd7 34. Rxd7+ Kg6 35. Rd6+ Kg7 36. Rff6 e3 37. Rfe6 Kf7 38. Rxe8 Rxe8 39. Kf1
e2+ 40. Ke1 h5 41. Rd7+ Ke6 42. Rd2 Kf5 43. Rxe2 Rc8 44. Kd2 Rc7 45. Re3 Kf6
46. b5 Rc5 47. Rb3 Ke5 48. a4 Kd6 49. a5 Kc7 50. Rc3 Kd6 51. Rb3 Kc7 52. b6+
axb6 53. axb6+ Kb7 54. Rb2 Rf5 55. Ke3 Rc5 56. Ke4 Ra5 57. Rf2 h4 58. Rf5 Ra4+
59. Ke5 Ra5+ 60. Kf6 g4 1-0

[Event "Mülheim Nord 4- Altenessen"]
[Site "?"]
[Date "2024.03.10"]
[Round "7.1"]
[White "Rohloff, Markus"]
[Black "Schuermann- Vengels, Jan"]
[Result "1-0"]
[WhiteElo "1896"]
[BlackElo "1866"]
[PlyCount "55"]
[SourceDate "2024.03.25"]

1. e4 c5 2. Nf3 d6 3. d4 cxd4 4. Nxd4 Nf6 5. Nc3 a6 6. Bc4 e6 7. Be3 Be7 8. f3
b5 9. Bb3 Qc7 10. Qd2 Nc6 11. O-O-O Ne5 12. Ndxb5 axb5 13. Nxb5 Qc6 14. Nxd6+
Bxd6 15. Qxd6 Qxd6 16. Rxd6 Ra6 17. Bc5 Nfd7 18. Rhd1 g5 19. Rxa6 Bxa6 20. Ba4
f6 21. Rd6 Bc8 22. Rxe6+ Kf7 23. Re7+ Kg6 24. Bd4 Rd8 25. b4 Nc4 26. Bb3 Ba6
27. Re6 Ra8 28. Rxa6 1-0

[Event "Mülheim Nord 4- Altenessen"]
[Site "?"]
[Date "2024.03.10"]
[Round "7.2"]
[White "Beckmann, Klaus"]
[Black "Kordonowski, Frank"]
[Result "0-1"]
[WhiteElo "1861"]
[BlackElo "1911"]
[PlyCount "90"]
[SourceDate "2024.03.25"]

1. d4 Nf6 2. Nf3 d6 3. g3 Bg4 4. Bg2 c6 5. O-O e6 6. c4 Be7 7. b4 Bxf3 8. Bxf3
d5 9. c5 a5 10. Qb3 a4 11. Qc2 Nfd7 12. a3 Bf6 13. Bb2 e5 14. e3 e4 15. Be2 h5
16. f3 exf3 17. Bxf3 h4 18. Nc3 b5 19. Qf2 O-O 20. e4 dxe4 21. Bxe4 Nxc5 22.
Bh7+ Kxh7 23. Qc2+ Kg8 24. dxc5 Qd4+ 25. Kg2 Na6 26. Rad1 Qc4 27. Rf4 Qb3 28.
Qxb3 axb3 29. gxh4 Rad8 30. Rf3 Nc7 31. Rfd3 Rxd3 32. Rxd3 Ne6 33. Kf3 Ra8 34.
h5 Kf8 35. Nd1 Bxb2 36. Nxb2 Rxa3 37. Ke3 Ke7 38. Kd2 Nf4 39. Rd6 Nd5 40. Rxc6
Ra2 41. Kc1 Ra1+ 42. Kd2 Rh1 43. Nd3 Rxh2+ 44. Kc1 Nc3 45. Rd6 Rc2# 0-1

[Event "Mülheim Nord 4- Altenessen"]
[Site "?"]
[Date "2024.03.10"]
[Round "7.3"]
[White "Cavasin, Joerg"]
[Black "Fleischer, Michael"]
[Result "0-1"]
[WhiteElo "1870"]
[BlackElo "1878"]
[PlyCount "86"]
[SourceDate "2024.03.25"]

1. Nf3 d5 2. e3 Nf6 3. b3 e6 4. Bb2 Be7 5. c4 c6 6. Nc3 Nbd7 7. d4 O-O 8. Bd3
Re8 9. O-O b6 10. Qc2 h6 11. Rac1 Bb7 12. Rfd1 Rc8 13. Qe2 Nb8 14. Ne5 Nfd7 15.
Qh5 Nxe5 16. dxe5 Nd7 17. Ne2 Bf8 18. f4 Qe7 19. Nd4 a6 20. Qe2 dxc4 21. bxc4
c5 22. Nf3 Nb8 23. Nd2 Rcd8 24. Ne4 Qc7 25. Rf1 Rxd3 26. Qxd3 Qc6 27. Nf6+ gxf6
28. Rf3 f5 29. Qe2 Kh8 30. Rg3 Bg7 31. Rd1 Qc7 32. Qh5 Nc6 33. Bc3 Rf8 34. Qh4
Ne7 35. Qh5 b5 36. Rd6 bxc4 37. Be1 Ng6 38. Rh3 Rd8 39. Bc3 Kg8 40. Rg3 Rxd6
41. exd6 Qxd6 42. Bxg7 Kxg7 43. Rh3 Qd2 0-1

[Event "Mülheim Nord 4- Altenessen"]
[Site "?"]
[Date "2024.03.10"]
[Round "7.4"]
[White "Schlenter, Ruediger"]
[Black "Avgustin, Thomas"]
[Result "1/2-1/2"]
[WhiteElo "1792"]
[BlackElo "1718"]
[PlyCount "67"]
[SourceDate "2024.03.25"]

1. Nf3 e6 2. c4 d5 3. g3 Nf6 4. Bg2 Be7 5. O-O O-O 6. d4 a5 7. b3 Bd7 8. Ne5 a4
9. Ba3 Be8 10. Bxe7 Qxe7 11. Nc3 dxc4 12. bxc4 c6 13. Nxa4 Qb4 14. Nc5 b6 15.
Ncd3 Qa4 16. Qb3 Ra6 17. Nb4 Ra5 18. Nbd3 b5 19. Nc5 Qa3 20. Nb7 Ra7 21. Qxa3
Rxa3 22. cxb5 cxb5 23. Rfb1 Nd5 24. Rb3 Ra4 25. e4 Nc7 26. d5 Ra7 27. Nd6 exd5
28. Nc8 Ra6 29. Ne7+ Kh8 30. exd5 f6 31. N5c6 Nxc6 32. Nxc6 Bf7 33. Nb4 Rd6 34.
Rd3 1/2-1/2

[Event "Mülheim Nord 4- Altenessen"]
[Site "?"]
[Date "2024.03.10"]
[Round "7.5"]
[White "Drawe, Thomas"]
[Black "Schlefers, Florian"]
[Result "1/2-1/2"]
[WhiteElo "1793"]
[BlackElo "1702"]
[PlyCount "27"]
[SourceDate "2024.03.25"]

1. c4 Nf6 2. g3 e6 3. Bg2 d5 4. cxd5 exd5 5. Nf3 Be7 6. O-O O-O 7. d3 c6 8.
Nbd2 Bg4 9. h3 Bxf3 10. Nxf3 Nbd7 11. Qb3 Qb6 12. Qxb6 axb6 13. a3 b5 14. Nd4
1/2-1/2

[Event "Mülheim Nord 4- Altenessen"]
[Site "?"]
[Date "2024.03.10"]
[Round "7.6"]
[White "Cordes, Malte"]
[Black "Praßer, Peter"]
[Result "0-1"]
[WhiteElo "1811"]
[BlackElo "1693"]
[PlyCount "92"]
[SourceDate "2024.03.25"]

1. d4 d5 2. Nf3 Nf6 3. Bf4 Bf5 4. e3 e6 5. c4 dxc4 6. Qa4+ c6 7. Qxc4 Qa5+ 8.
Nc3 Bb4 9. Rc1 Nd5 10. Bg3 O-O 11. Be2 Nxc3 12. bxc3 Ba3 13. Rd1 Bc2 14. Rd2 b5
15. Rxc2 bxc4 16. Bxc4 Nd7 17. O-O Nb6 18. Bd3 Rac8 19. c4 f6 20. c5 Nd5 21.
Bc4 Rfe8 22. Rb1 Re7 23. e4 Nc3 24. Re1 Kf7 25. Re3 Bb4 26. Bd6 Ree8 27. g4 h6
28. h4 Nb5 29. Bxb5 Qxb5 30. Rb3 a5 31. Rcb2 Qc4 32. Kg2 Rb8 33. Bxb8 Rxb8 34.
a3 Ke7 35. axb4 Rxb4 36. Rxb4 axb4 37. e5 Qc3 38. Ra2 b3 39. Ra7+ Kf8 40. Ra8+
Kf7 41. Ra7+ Kg8 42. Ra8+ Kh7 43. Ra7 fxe5 44. Nxe5 Qxd4 45. f4 b2 46. Rb7 b1=Q
0-1

[Event "Mülheim Nord 4- Altenessen"]
[Site "?"]
[Date "2024.03.10"]
[Round "7.7"]
[White "Kuhn, Manfred"]
[Black "Roth, Jan"]
[Result "1-0"]
[WhiteElo "2026"]
[BlackElo "1702"]
[PlyCount "67"]
[SourceDate "2024.03.25"]

1. e4 e5 2. Nf3 Nc6 3. Bb5 Nf6 4. O-O d6 5. d4 exd4 6. Nxd4 Bd7 7. Bxc6 Bxc6 8.
Nxc6 bxc6 9. Qf3 Nd7 10. Qc3 c5 11. Rd1 Qc8 12. Na3 f6 13. Nc4 Be7 14. Qg3 g6
15. Ne3 Nb6 16. a4 a5 17. b3 Qe6 18. Bb2 c6 19. f4 Rg8 20. f5 gxf5 21. Qh3 Kd7
22. Nxf5 Rh8 23. Qf3 Raf8 24. Ng7 Qf7 25. Qf5+ Kc7 26. Ne6+ Kb7 27. Nxf8 Rxf8
28. Bc3 Ra8 29. Rf1 Rf8 30. Bxa5 d5 31. e5 Qg7 32. Bxb6 Kxb6 33. a5+ Ka6 34.
Qd7 1-0

[Event "Mülheim Nord 4- Altenessen"]
[Site "?"]
[Date "2024.03.10"]
[Round "7.8"]
[White "Roth, Christian"]
[Black "Brinkaemper, Maik"]
[Result "1/2-1/2"]
[WhiteElo "1678"]
[BlackElo "1653"]
[PlyCount "35"]
[SourceDate "2024.03.25"]

1. e4 d6 2. d4 Nf6 3. Bd3 g6 4. Ne2 Bg7 5. f3 Nbd7 6. Be3 O-O 7. Qd2 e5 8. c3
exd4 9. cxd4 c5 10. Bh6 cxd4 11. Bxg7 Kxg7 12. Nxd4 Ne5 13. Bb5 a6 14. Be2 d5
15. exd5 Nxd5 16. Nc3 Nxc3 17. bxc3 Re8 18. O-O 1/2-1/2

[Event "Werl- Rüttenscheid"]
[Site "?"]
[Date "2024.03.10"]
[Round "7.1"]
[White "Dorgarten, Armin"]
[Black "Schwarzkopf, Christian"]
[Result "1/2-1/2"]
[WhiteElo "1912"]
[BlackElo "1986"]
[PlyCount "75"]
[SourceDate "2024.03.25"]

1. d4 d6 2. Bf4 Nf6 3. Nc3 c6 4. e4 Qa5 5. Qd2 e5 6. Be3 Ng4 7. O-O-O Nxe3 8.
fxe3 Be7 9. Kb1 Qc7 10. h3 b5 11. Nf3 a6 12. Ne2 Nd7 13. Nc1 Nf6 14. Bd3 c5 15.
c3 Bb7 16. d5 c4 17. Bc2 Nd7 18. Rhf1 Bf6 19. Qf2 O-O-O 20. g4 h6 21. a3 Kb8
22. Nh4 Rdf8 23. Nf5 g6 24. Ng3 Qb6 25. Qd2 Bc8 26. Rf3 Bh4 27. Nce2 Nc5 28.
Rdf1 Qc7 29. Ng1 Qe7 30. Ka2 h5 31. gxh5 Bxg3 32. Rxg3 Rxh5 33. Qg2 Rh6 34. Nf3
f6 35. h4 Rg8 36. Rg1 Qf7 37. Qe2 Rf8 38. Qd2 1/2-1/2

[Event "Werl- Rüttenscheid"]
[Site "?"]
[Date "2024.03.10"]
[Round "7.3"]
[White "Storp, Thomas"]
[Black "Krahn, Reinhard"]
[Result "0-1"]
[WhiteElo "1892"]
[BlackElo "1756"]
[PlyCount "52"]
[SourceDate "2024.03.25"]

1. e4 c6 2. d4 d5 3. exd5 cxd5 4. Nf3 e6 5. Bd3 Bd6 6. O-O Nc6 7. c3 Nf6 8. Bg5
h6 9. Bh4 Bd7 10. Re1 g5 11. Bg3 Bxg3 12. fxg3 Qb6 13. Qc2 Rc8 14. a3 Ke7 15.
Nbd2 g4 16. Ne5 Nxd4 17. Nxd7 Nxd7 18. Qd1 Nf3+ 19. Kh1 Nxe1 20. Qxe1 Qxb2 21.
c4 Qd4 22. Bf1 dxc4 23. Rd1 c3 24. Ne4 Qe5 25. Qe2 c2 26. Rc1 f5 0-1

[Event "Werl- Rüttenscheid"]
[Site "?"]
[Date "2024.03.10"]
[Round "7.4"]
[White "Vieweger, Torsten"]
[Black "Koprek, Juergen"]
[Result "1/2-1/2"]
[WhiteElo "1882"]
[BlackElo "1874"]
[PlyCount "34"]
[SourceDate "2024.03.25"]

1. d4 d5 2. Nc3 e6 3. Nf3 Nf6 4. Bg5 Be7 5. Bxf6 Bxf6 6. e4 c6 7. Be2 b6 8. O-O
O-O 9. Re1 Ba6 10. Bxa6 Nxa6 11. Qe2 Nc7 12. Rad1 Qc8 13. a3 Qa6 14. Qe3 Nb5
15. Qd3 Nc7 16. Qe3 Nb5 17. Qd3 Nc7 1/2-1/2

[Event "Werl- Rüttenscheid"]
[Site "?"]
[Date "2024.03.10"]
[Round "7.5"]
[White "Berger, Nils"]
[Black "Scheibe, Andreas"]
[Result "1-0"]
[WhiteElo "1837"]
[BlackElo "1770"]
[PlyCount "39"]
[SourceDate "2024.03.25"]

1. e4 e6 2. d4 d5 3. Nc3 Nf6 4. Bg5 Be7 5. e5 Nfd7 6. h4 a6 7. Qg4 Bxg5 8. hxg5
c5 9. g6 f5 10. Qf4 Nf8 11. gxh7 g5 12. Qf3 g4 13. Qf4 Qe7 14. O-O-O Bd7 15. f3
gxf3 16. Nxf3 Rxh7 17. Bd3 cxd4 18. Nxd4 Nc6 19. Nxf5 Rf7 20. Nd6+ 1-0

[Event "Werl- Rüttenscheid"]
[Site "?"]
[Date "2024.03.10"]
[Round "7.6"]
[White "Hering, Christian"]
[Black "Busacker, Holger"]
[Result "1-0"]
[WhiteElo "1595"]
[BlackElo "1791"]
[PlyCount "71"]
[SourceDate "2024.03.25"]

1. e4 c5 2. c3 d5 3. exd5 Qxd5 4. Nf3 Nf6 5. d4 e6 6. Be3 Ng4 7. Nbd2 Nxe3 8.
fxe3 Nc6 9. Bc4 Qd8 10. O-O Be7 11. Ne4 cxd4 12. exd4 O-O 13. Qc2 Bd7 14. Rf2
Rc8 15. Raf1 h6 16. Qe2 Qc7 17. Bb3 a6 18. Kh1 Na5 19. Ne5 Bb5 20. Nd3 Nxb3 21.
axb3 Rcd8 22. Rf3 Bxd3 23. Rxd3 Qb6 24. b4 f5 25. Nc5 Rf6 26. Re3 Kf7 27. Nd3
g5 28. Qh5+ Kg7 29. Ne5 Qd6 30. Rh3 Rh8 31. Rff3 Rh7 32. Rhg3 Qd5 33. h4 g4 34.
Rxg4+ fxg4 35. Rxf6 Bxf6 36. Qf7+ 1-0

[Event "Werl- Rüttenscheid"]
[Site "?"]
[Date "2024.03.10"]
[Round "7.7"]
[White "Bruckmann, Jochen"]
[Black "Jenke, Johannes"]
[Result "0-1"]
[WhiteElo "1777"]
[BlackElo "1599"]
[PlyCount "80"]
[SourceDate "2024.03.25"]

1. e4 e5 2. f4 d6 3. Nf3 Bg4 4. Bc4 Bxf3 5. Qxf3 Nf6 6. d3 Nc6 7. c3 Na5 8.
Bb5+ c6 9. Ba4 b5 10. Bc2 Qc7 11. b4 Nb7 12. Be3 a5 13. O-O axb4 14. cxb4 Be7
15. Bb3 Nd8 16. Nc3 Ne6 17. Ne2 Rd8 18. f5 Nf8 19. g4 h6 20. h4 N6h7 21. g5
hxg5 22. Qh5 d5 23. hxg5 g6 24. fxg6 Nxg6 25. Qg4 Rg8 26. Rac1 Nf4 27. Bxf4
exf4 28. Qxf4 Rxg5+ 29. Kf2 Bd6 30. Qh4 Qb6+ 31. d4 Nf6 32. exd5 cxd5 33. Bxd5
Be7 34. Bc6+ Kf8 35. Qh6+ Rg7 36. Rg1 Ne4+ 37. Bxe4 Qxh6 38. Rc7 Qf6+ 39. Ke3
Rxg1 40. Nxg1 Qxd4+ 0-1

[Event "Werl- Rüttenscheid"]
[Site "?"]
[Date "2024.03.10"]
[Round "7.8"]
[White "Siebert, Michael"]
[Black "Richters, Marc"]
[Result "0-1"]
[WhiteElo "1430"]
[BlackElo "1811"]
[PlyCount "48"]
[SourceDate "2024.03.25"]

1. c4 Nf6 2. g3 d6 3. Bg2 g6 4. Nc3 Bg7 5. Nf3 O-O 6. O-O c6 7. d3 e5 8. Bg5 h6
9. Be3 d5 10. cxd5 cxd5 11. Bc5 Re8 12. Nd2 Nc6 13. Qb3 b6 14. Ba3 Be6 15. Qb5
Nd4 16. Qa4 b5 17. Qd1 Qb6 18. e3 Nf5 19. e4 dxe4 20. Ncxe4 Nxe4 21. Nxe4 b4
22. Nd2 bxa3 23. bxa3 Rad8 24. Rb1 Qa6 0-1

[Event "Listiger Bauer- Günnigfeld"]
[Site "?"]
[Date "2024.03.10"]
[Round "7.1"]
[White "Freisen, Thomas"]
[Black "Kunisch, Siegfried"]
[Result "1/2-1/2"]
[WhiteElo "1960"]
[BlackElo "2070"]
[PlyCount "49"]
[SourceDate "2024.03.25"]

1. Nf3 c5 2. c4 Nf6 3. Nc3 g6 4. d4 Bg7 5. e4 cxd4 6. Nxd4 Nc6 7. Be3 d6 8. Be2
O-O 9. O-O Nxd4 10. Bxd4 Be6 11. Qd2 Nd7 12. Be3 Rc8 13. Nd5 Nc5 14. f3 Na4 15.
Rab1 f5 16. Nf4 Bd7 17. exf5 Rxf5 18. Bd3 Rf7 19. b3 Nc5 20. Be2 a6 21. Rbc1
Bh6 22. Rfe1 Qf8 23. Nd3 Bxe3+ 24. Qxe3 Nxd3 25. Bxd3 1/2-1/2

[Event "Listiger Bauer- Günnigfeld"]
[Site "?"]
[Date "2024.03.10"]
[Round "7.2"]
[White "Mandl, Stefan"]
[Black "Jaennekes, Oliver"]
[Result "0-1"]
[WhiteElo "1980"]
[BlackElo "1927"]
[PlyCount "102"]
[SourceDate "2024.03.25"]

1. e4 c5 2. Nf3 d6 3. d4 cxd4 4. Nxd4 Nf6 5. Nc3 a6 6. Bc4 e6 7. Bb3 Be7 8. f4
O-O 9. f5 exf5 10. exf5 Nc6 11. O-O Na5 12. Kh1 Bd7 13. Bg5 Nxb3 14. axb3 Rc8
15. Qd3 Bc6 16. Rae1 Re8 17. Nxc6 Rxc6 18. Bxf6 Bxf6 19. Rxe8+ Qxe8 20. Nd5 Qe5
21. c3 h6 22. Rf3 Rc5 23. Ne3 Bg5 24. Nc4 Qd5 25. g4 Qc6 26. Kg2 Rd5 27. Qe2 b5
28. Ne3 Re5 29. Kf2 Qe4 30. h3 Bh4+ 31. Kg2 h5 32. gxh5 Bg5 33. Kf2 Qh4+ 34.
Kg2 Qxh5 35. Qd3 Bxe3 36. Rxe3 Rxe3 37. Qxe3 Qxf5 38. Qe2 Qd5+ 39. Kg1 Qxb3 40.
Qe8+ Kh7 41. Qe4+ g6 42. Qh4+ Kg8 43. Qd8+ Kg7 44. Qxd6 Qe6 45. Qd4+ f6 46. Qd3
g5 47. Kg2 f5 48. Qd4+ Kg6 49. Qh8 f4 50. Kf1 Kf5 51. Kg1 Qe1+ 0-1

[Event "Listiger Bauer- Günnigfeld"]
[Site "?"]
[Date "2024.03.10"]
[Round "7.3"]
[White "Markus, Peter"]
[Black "Ball, Joerg"]
[Result "1/2-1/2"]
[WhiteElo "1863"]
[BlackElo "1920"]
[PlyCount "50"]
[SourceDate "2024.03.25"]

1. e4 g6 2. Nc3 Bg7 3. d4 d6 4. Be3 c6 5. Qd2 Nd7 6. Nf3 Qa5 7. Bd3 Ngf6 8. Bh6
Bxh6 9. Qxh6 Qh5 10. Qxh5 Nxh5 11. Ne2 e5 12. dxe5 dxe5 13. O-O-O f6 14. Nd2
Nc5 15. Nc4 Ke7 16. f3 b6 17. Ne3 Be6 18. Bc4 Rad8 19. Rxd8 Rxd8 20. Rd1 Rxd1+
21. Kxd1 b5 22. Bxe6 Nxe6 23. Kd2 Kd6 24. a3 a5 25. b4 axb4 1/2-1/2

[Event "Listiger Bauer- Günnigfeld"]
[Site "?"]
[Date "2024.03.10"]
[Round "7.5"]
[White "Funke, Eckhard"]
[Black "Petri, Norbert"]
[Result "1-0"]
[WhiteElo "1817"]
[BlackElo "1803"]
[PlyCount "121"]
[SourceDate "2024.03.25"]

1. d4 d5 2. c4 e6 3. cxd5 exd5 4. Nc3 c5 5. Nf3 Nc6 6. e3 Nf6 7. Be2 Be7 8. O-O
O-O 9. dxc5 Bxc5 10. a3 a6 11. b4 Ba7 12. Bb2 Bg4 13. b5 axb5 14. Nxb5 Bb8 15.
Bxf6 Qxf6 16. Qxd5 Rd8 17. Qc4 Be6 18. Qh4 Qxh4 19. Nxh4 Be5 20. Rad1 g6 21.
Nf3 Bf6 22. Nc7 Rxd1 23. Rxd1 Rxa3 24. Nxe6 fxe6 25. Bc4 Ra1 26. Rxa1 Bxa1 27.
Bxe6+ Kf8 28. Nd2 Ke7 29. Bg8 h6 30. Nb3 Bc3 31. Kf1 b5 32. Ke2 Kf6 33. Nc5 Bb4
34. Ne4+ Ke5 35. Kd3 Na7 36. f4+ Kf5 37. h3 h5 38. Ng3+ Kf6 39. e4 h4 40. Ne2
Be1 41. Nd4 Bg3 42. Ke3 g5 43. fxg5+ Kxg5 44. Nf3+ Kf6 45. Bd5 Nc8 46. Bc6 b4
47. Kd4 Ne7 48. Be8 Nc8 49. Ba4 Ne7 50. Be8 Nc8 51. e5+ Ke7 52. Ba4 Nb6 53. Bb3
Nd7 54. Kd5 Nf8 55. Nd4 Ng6 56. Nf5+ Kd8 57. Nxg3 hxg3 58. Kd6 Nh4 59. e6 Nf5+
60. Ke5 Ne3 61. Kf6 1-0

[Event "Listiger Bauer- Günnigfeld"]
[Site "?"]
[Date "2024.03.10"]
[Round "7.6"]
[White "Jurev, Sergej"]
[Black "Kampmann, Marcel"]
[Result "1-0"]
[WhiteElo "1745"]
[BlackElo "1730"]
[PlyCount "141"]
[SourceDate "2024.03.25"]

1. d4 Nf6 2. c4 g6 3. Nc3 Bg7 4. e4 d6 5. h3 O-O 6. Bg5 Nbd7 7. Nf3 e5 8. d5 a6
9. Bd3 Qe8 10. g4 Nc5 11. Bc2 b6 12. b4 Nb7 13. Nd2 h6 14. Be3 h5 15. f3 Kh7
16. Rc1 Rh8 17. Ne2 Kg8 18. Ng3 hxg4 19. hxg4 Rxh1+ 20. Nxh1 Kh7 21. Qe2 Qh8
22. Qg2 Kg8 23. Nf2 Kf8 24. Nb3 Bd7 25. c5 bxc5 26. bxc5 Ba4 27. c6 Nd8 28. Qf1
Ke7 29. Na5 Bxc2 30. Rxc2 Ne8 31. Rb2 Qh7 32. Rb7 f5 33. Bb6 Rc8 34. Qh3 Qh6
35. Qxh6 Bxh6 36. Nd3 fxe4 37. fxe4 Nf7 38. Nb4 Bf4 39. Nxa6 Kd8 40. Ba7 Ra8
41. Ke2 Ng5 42. Kd3 Nf3 43. Nc4 Nh2 44. Na3 Nxg4 45. Rb8+ Rxb8 46. Nxb8 Kc8 47.
Na6 Bg3 48. Ke2 Ngf6 49. Nb5 Bf4 50. Kd3 g5 51. Bb8 g4 52. Nbxc7 Nxc7 53. Bxc7
Ne8 54. Bb6 Bh2 55. Ke2 Nf6 56. Nb4 Nxe4 57. Kf1 Bf4 58. c7 Nd2+ 59. Ke2 Nc4
60. Bg1 Kxc7 61. Kd3 Na3 62. Ke4 Nb5 63. Kf5 g3 64. Ke4 Nd4 65. Bxd4 exd4 66.
Kf3 Be5 67. Nd3 Kb6 68. a4 Ka5 69. Nxe5 dxe5 70. d6 Kb6 71. a5+ 1-0